000 00602cam a22002053a 4500
001 45250
003 PGUSA
005 20140828084033.0
008 140328s2014||||xxu|||||s|||||000 | eng d
040 _aPGUSA
_beng
042 _adc
100 1 _aJáuregui, Antonio Batres
245 1 0 _aLos Indios, su Historia y su Civilización
_h[electronic resource] /
_cAntonio Batres Jáuregui
260 _bProject Gutenberg,
_c2014
506 _aPublic domain in the USA.
516 _aElectronic text
830 0 _aProject Gutenberg
_v45250
856 4 0 _uhttp://www.gutenberg.org/ebooks/45250
942 _cEB
999 _c274501
_d274501